|
|
|
|
| LEADER |
00990nam a22002532a 4500 |
| 001 |
000794481 |
| 003 |
CZ BrMZK |
| 005 |
20140703141127.0 |
| 007 |
ta |
| 008 |
950407s1977 xr f cze d |
| 015 |
|
|
|a cnb000460931
|
| 040 |
|
|
|a BOA001
|b cze
|
| 100 |
1 |
|
|a Skála, Jaroslav,
|d 1916-2007
|7 jk01111418
|4 aut
|
| 245 |
1 |
0 |
|a ... až na dno!? :
|b fakta o alkoholu a pijáctví /
|c Jaroslav Skála
|
| 250 |
|
|
|a 3., přeprac. a dopl. vyd.
|
| 260 |
|
|
|a Praha :
|b Avicenum,
|c 1977
|
| 300 |
|
|
|a 148 s.
|
| 856 |
4 |
1 |
|u http://www.digitalniknihovna.cz/mzk/uuid/uuid:d629db30-f9cf-11e2-9923-005056827e52
|y Digitalizovaný dokument
|x NDK
|
| 910 |
|
|
|a BOA001
|b PK-0023.809-77
|b 2-0437.320-77
|
| 964 |
|
|
|a Alkoholismus - následky - výklady populární
|
| 990 |
|
|
|a BK
|
| 991 |
|
|
|b 201407
|
| 996 |
6 |
|
|b 2619577101
|c 2-0437.320-77
|l MZK
|r Sklad / do 24 hodin
|n 2
|w 000794481
|u 000020
|a 1
|e BOA001
|j MZK50
|s P
|
| 996 |
7 |
|
|b 3119692132
|c PK-0023.809-77
|l MZK
|r Sklad / do 1 hodiny
|n 2
|w 000794481
|u 000010
|a 1
|e BOA001
|j MZK50
|s A
|